00549nam a2200169Ia 4500003000900000008004100009040001600050080001900066100002100085245005300106260004600159300001600205650004100221942000700262999001500269952009500284IN-BaIIA211028s9999 xx 000 0 eng d cIIA Library a551.510.5bGOO aGoody, R M92927 4aThe physics of the stratospherecRichard M Goody aEnglandbCambridge University Pressc1954 aviii, 187p. aAstronomy and Astrophysics Thesaurus cBK c1435d1435 00104070aBANbKODcGENd0000-00-00l0o551.510.5/ GOOp1515r2021-11-05w0000-00-00yBK